Normal view
MARC view
- Mara,Duncan
Entry Personal Name
001 - CONTROL NUMBER
- control field: 6010
003 - CONTROL NUMBER IDENTIFIER
- control field: NUST
005 - DATE AND TIME OF LATEST TRANSACTION
- control field: 20171106144314.0
008 - FIXED-LENGTH DATA ELEMENTS
- fixed length control field: 171106|| aca||aabn | a|a d
040 ## - CATALOGING SOURCE
- Original cataloging agency: NUST
- Transcribing agency: NUST
100 ## - HEADING--PERSONAL NAME
- Personal name: Mara,Duncan
670 ## - SOURCE DATA FOUND
- Source citation: Work cat.: (NUST): Mara,Duncan, Guidelines for the Safe use of Wastewater and Excreta in Agriculture and Aquaculture , 1991
